The heart of London.

Uloženo v:
Podrobná bibliografie
Hlavní autor: Morton, H. V. (Henry Vollam), 1892-1979
Médium: Kniha
Jazyk:English
Vydáno: London : Methuen, [1931].
Vydání:12th ed.
Témata:
LEADER 00737nam a2200205 i 4500
001 c000131705
003 CARM
005 00000000000000.0
008 s1931 enk 00000 eng d
019 1 |a 10345020  |5 LACONCORD2021 
035 |a (OCoLC)2185455  |5 LACONCORD2021 
100 1 |a Morton, H. V.  |q (Henry Vollam),  |d 1892-1979. 
245 1 0 |a The heart of London. 
250 |a 12th ed. 
260 |a London :  |b Methuen,  |c [1931]. 
300 |a 208 p. 
651 0 |a London (England)  |x Description and travel. 
852 8 |b CARM  |h A2:AE18G0  |i A00343  |p 0054845  |f BK 
999 f f |i 4e456ab0-27b8-50d5-bf05-36a01cbf96d1  |s 59dde517-5060-5ccd-a4fc-533912608f0d 
952 f f |p Can circulate  |a CAVAL  |b CAVAL  |c CAVAL  |d CARM 1 Store  |e A00343  |f A2:AE18G0  |h Other scheme  |i book  |m 0054845